<?xml version="1.0" encoding="UTF-8"?>
<record
    xmlns:xsi="http://www.w3.org/2001/XMLSchema-instance"
    xsi:schemaLocation="http://www.loc.gov/MARC21/slim http://www.loc.gov/standards/marcxml/schema/MARC21slim.xsd"
    xmlns="http://www.loc.gov/MARC21/slim">

  <leader>03133nam a22004217a 4500</leader>
  <controlfield tag="003">AR-RoUNA</controlfield>
  <controlfield tag="005">20251027114818.0</controlfield>
  <controlfield tag="008">251027b        |||||||| |||| 00| 0 spa d</controlfield>
  <datafield tag="040" ind1=" " ind2=" ">
    <subfield code="a">AR-RoUNA</subfield>
    <subfield code="b">spa</subfield>
    <subfield code="d">AR-RoUNA</subfield>
  </datafield>
  <datafield tag="041" ind1=" " ind2=" ">
    <subfield code="a">spa</subfield>
  </datafield>
  <datafield tag="044" ind1=" " ind2=" ">
    <subfield code="a">ag</subfield>
  </datafield>
  <datafield tag="245" ind1="1" ind2="0">
    <subfield code="a">Planes especiales. Segovia</subfield>
    <subfield code="b">: Ayuntamiento de Segovia. Seminario de urban&#xED;stica de la Universidad de Valladolid /</subfield>
    <subfield code="c">Alfonso Alvarez Mora; Manuel Saravia Madrigal; Juan Luis de las Rivas Sanz; Cristina Tremi&#xF1;o San Emeterio.</subfield>
  </datafield>
  <datafield tag="260" ind1=" " ind2=" ">
    <subfield code="a">Valladolid (Espa&#xF1;a): </subfield>
    <subfield code="b">Ayuntamiento de Segovia,</subfield>
    <subfield code="c">1991</subfield>
    <subfield code="f">Taller Imagen (Segovia)</subfield>
  </datafield>
  <datafield tag="300" ind1=" " ind2=" ">
    <subfield code="a">144 p.:</subfield>
    <subfield code="b">mapas</subfield>
    <subfield code="b">fot. col.</subfield>
    <subfield code="c">21x30 cm.</subfield>
  </datafield>
  <datafield tag="505" ind1="0" ind2=" ">
    <subfield code="t">INDICE  </subfield>
  </datafield>
  <datafield tag="505" ind1="0" ind2=" ">
    <subfield code="t"> INTRODUCCION</subfield>
  </datafield>
  <datafield tag="505" ind1="0" ind2=" ">
    <subfield code="t">Centro hist&#xF3;rico y totalidad urbana. El papel de los planes especiales en el comportamiento urban&#xED;stico global de la ciudad. p. 11</subfield>
  </datafield>
  <datafield tag="505" ind1="0" ind2=" ">
    <subfield code="t">Revisi&#xF3;n del plan parcial-espacial de la zona oriental del acueducto y barrio del Salvador. p. 31</subfield>
  </datafield>
  <datafield tag="505" ind1="0" ind2=" ">
    <subfield code="t">Plan especial de protecci&#xF3;n hist&#xF3;rico-art&#xED;stica. Paisaje y reforma interior del recinto amurallado de Segovia. p. 55</subfield>
  </datafield>
  <datafield tag="505" ind1="0" ind2=" ">
    <subfield code="t">EL plan especial de protecci&#xF3;n hist&#xF3;rico art&#xED;stica paisaje y reforma interior de San Lorenzo, Valle del Eresma y San Marcos. p. 75</subfield>
  </datafield>
  <datafield tag="505" ind1="0" ind2=" ">
    <subfield code="t">Plan especial extramuros. p. 91   </subfield>
  </datafield>
  <datafield tag="505" ind1="0" ind2=" ">
    <subfield code="t">Plan especial de San Antonio el Real y cuarteles base mixta. p. 103</subfield>
  </datafield>
  <datafield tag="505" ind1="0" ind2=" ">
    <subfield code="t">P.E.R.I. del barrio de la estaci&#xF3;n y zona industrial N-603. p. 117</subfield>
  </datafield>
  <datafield tag="505" ind1="0" ind2=" ">
    <subfield code="t">Plan Especial de protecci&#xF3;n del paisaje del pol&#xED;gono de las lastras. p. 125</subfield>
  </datafield>
  <datafield tag="505" ind1="0" ind2=" ">
    <subfield code="t">Unidad de actuaci&#xF3;n: Vel&#xF3;dromo-altos de la piedad. p. 129</subfield>
  </datafield>
  <datafield tag="505" ind1="0" ind2=" ">
    <subfield code="t">Estudios de detalle y unidades de actuaci&#xF3;n en los n&#xFA;cleos urbanos de Zamarramala, Madrona, Fuentemilanos, Hontoria y Revenga. p. 137</subfield>
  </datafield>
  <datafield tag="520" ind1="3" ind2=" ">
    <subfield code="a">En diciembre de 1984 el Ayuntamiento de Segovia aprob&#xF3; con car&#xE1;cter definitivo el Plan General de Ordenaci&#xF3;n Urbana para su t&#xE9;rmino municipal, dicho Plan preve&#xED;a la formulaci&#xF3;n de Planes Especiales para las &#xE1;reas que a tal fin delimitaba. Dada la necesidad de solucionar, de forma eficaz, el planeamiento derivado previsto por el Plan General, se crea la Oficina T&#xE9;cnica de Planeamiento a la que se encarga la redacci&#xF3;n de dichos trabajos que se a&#xFA;nan en un &#xFA;nico documento y en un solo &#xE1;mbito de aplicaci&#xF3;n. Dicho documento consigue &#xFA;nicamente la aprobaci&#xF3;n en su etapa de avance, prevey&#xE9;ndose la dificultad de su aprobaci&#xF3;n definitiva dada la excesiva superficie de delimitaci&#xF3;n y por lo tanto la concurrencia de excesivos conflictos a resolver. Es por ello que se propone por parte del Ayuntamiento, en octubre de 1989, un nuevo concurso con la modificaci&#xF3;n de la delimitaci&#xF3;n &#xFA;nica y la propuesta de nuevos planes especiales.</subfield>
  </datafield>
  <datafield tag="650" ind1=" " ind2="4">
    <subfield code="a">Urbanismo</subfield>
  </datafield>
  <datafield tag="651" ind1=" " ind2="4">
    <subfield code="a">Segovia (Espa&#xF1;a)</subfield>
    <subfield code="9">18574</subfield>
  </datafield>
  <datafield tag="700" ind1="1" ind2=" ">
    <subfield code="a">Alvarez Mora, Alfonso</subfield>
    <subfield code="9">26778</subfield>
  </datafield>
  <datafield tag="700" ind1="1" ind2=" ">
    <subfield code="a">Saravia Madrigal, Manuel</subfield>
    <subfield code="9">27523</subfield>
  </datafield>
  <datafield tag="700" ind1="1" ind2=" ">
    <subfield code="a">Tremi&#xF1;o San Emeterio, Cristina</subfield>
    <subfield code="9">27524</subfield>
  </datafield>
  <datafield tag="700" ind1=" " ind2=" ">
    <subfield code="a">Rivas, Juan Luis de las</subfield>
    <subfield code="9">27525</subfield>
  </datafield>
  <datafield tag="908" ind1=" " ind2=" ">
    <subfield code="a">Imp</subfield>
  </datafield>
  <datafield tag="942" ind1=" " ind2=" ">
    <subfield code="2">udc</subfield>
    <subfield code="c">LIB</subfield>
  </datafield>
  <datafield tag="945" ind1=" " ind2=" ">
    <subfield code="d">2025-10-27</subfield>
  </datafield>
  <datafield tag="980" ind1=" " ind2=" ">
    <subfield code="6">5</subfield>
    <subfield code="a">Mar&#xED;a Machado</subfield>
    <subfield code="8">3</subfield>
    <subfield code="g">Germ&#xE1;n Grimolizzi</subfield>
  </datafield>
  <datafield tag="999" ind1=" " ind2=" ">
    <subfield code="c">12192</subfield>
    <subfield code="d">12192</subfield>
  </datafield>
  <datafield tag="952" ind1=" " ind2=" ">
    <subfield code="0">0</subfield>
    <subfield code="1">0</subfield>
    <subfield code="2">udc</subfield>
    <subfield code="4">0</subfield>
    <subfield code="7">0</subfield>
    <subfield code="a">CURDIUR</subfield>
    <subfield code="b">CURDIUR</subfield>
    <subfield code="d">2025-10-27</subfield>
    <subfield code="l">0</subfield>
    <subfield code="p">LCUR-0341</subfield>
    <subfield code="t">ej. 1</subfield>
    <subfield code="y">LIB</subfield>
    <subfield code="x"></subfield>
  </datafield>
</record>
